000 00386nam a2200145Ia 4500
999 _c18513
_d18513
082 _aTJ.0161
100 _aJha, Baidya Nath
245 0 _aProblems of land use in the Kosi region
260 _c1969
_bUniversity of Ranchi
300 _a411, xviiip.
650 _aLAND USE, RURAL - KOSI REGION
650 _aPHYSICAL GEOGRAPHY - KOSI REGION
710 _aAhmad, E.
942 _cTH
_2ddc